000 00248nam a2200109Ia 4500
008 220204s9999 xx 000 0 und d
082 _a82-3
_bGRA
100 _aGrant, Maxwell
245 0 _aBarrier reef
260 _aLondon
_bStar
_c1982
942 _cBK
999 _c37735
_d37735